000 00315nam a22001457a 4500
008 221006b ||||| |||| 00| 0 eng d
020 _a091429408
041 _aeng
080 _21901 EDITION
_a611
082 _a611GRA
100 _a10.2
101 _aANA
245 _aGRAY'S ANATOMY
_cGRAY H
942 _2udc
_cBK
999 _c58399
_d58399